000 00820cam a2200277 a 4500
001 2367292
003 ARRUPE
005 20150218114645.0
008 840109s1984 mau b 001 0 eng
010 _a 84000531
020 _a0674641752 (alk. paper)
040 _aDLC
_cDLC
_dDLC
_dOCoLC
050 0 0 _aJA79
_b.S44 1984
082 0 0 _a172
_219
100 1 _aShklar, Judith N.
_915220
245 1 0 _aOrdinary vices /
_cJudith N. Shklar.
260 _aCambridge, Mass. :
_bBelknap Press of Harvard University Press,
_c1984.
300 _a268 p. ;
_c24 cm.
500 _aIncludes index.
504 _aBibliography: p. 251-260.
650 0 _aPolitical ethics.
_911131
650 0 _aLiberalism.
_915221
650 0 _aVices.
_915222
906 _a7
_bcbc
_corignew
_d1
_eocip
_f19
_gy-gencatlg
942 _2lcc
_cMONOGRAPH
999 _c122077
_d122077